Jak dobrze umiesz strzelać? - Statystyki

Ogólne statystyki
  • Ten quiz został rozwiązany 31 razy
  • Średni wynik to 5 z 10
Statystyki odpowiedzi
Zagadnienie Odpowiedź % Poprawnych
Andrzej jest mistrzem Polski w.. Karate
89%
Andrzej posiada pas... Czarny
78%
Akcją książki dzieje się w Polsce XIXw.
74%
Test nr 2. Z książki nr 2 Kto powiedział słowa: Jutro, wczoraj, i tak dalej Andrzej Grzybowski
63%
Niespodziewanym prezentem była Linijka
59%
Główny bohater i jego przyjaciel mają lat odpowiednio 18 i 15
44%
Test nr 1 z książki nr 1 Główny bohater to Kacper Skibiński
37%
Andrzej uczęszcza do liceum 17lo
33%
Andrzej Grzybowski mówi : Jutro, wczoraj, i tak dalej do: Przyjaciela w szkole
33%
Ulubionym posiłkiem były Cielęcina i Jabłko
30%
Nie znaleziono quizów pasujących do podanych kryteriów
Rozkład punktacji
Procent ludzi z każdym wynikiem
Percentyl według liczby udzielonych odpowiedzi
Twoja historia wyników
Nie rozwiązałeś tego quizu